000 00426nam a22001697a 4500
003 SGT
020 _a9781639275694
082 _a617.882
_bM22N
100 _aNORTON, EMITY
245 _aMENIERE'S DISEASE A CLINICO-AUDIOLOGICAL STUDY
250 _a1ST
260 _aUSA
_bAMERICAN MEDICAL PUB
_c2022
300 _a209
650 _aAUDIOLOGY
653 _aMENIERE'S DISEASE A CLINICO-AUDIOLOGICAL STUDY
942 _2ddc
_cBK
999 _c31348
_d31348